Normal view
MARC view
Entry Personal Name
001 - CONTROL NUMBER
- control field: 2025
003 - CONTROL NUMBER IDENTIFIER
- control field: BD-RjUL
005 - DATE AND TIME OF LATEST TRANSACTION
- control field: 20220324145423.0
008 - FIXED-LENGTH DATA ELEMENTS
- fixed length control field: 220324|| aca||aabn | a|a d
040 ## - CATALOGING SOURCE
- Original cataloging agency: BD-RjUL
- Transcribing agency: BD-RjUL
100 ## - HEADING--PERSONAL NAME
- Personal name: Mozumder, Biplab Kumar
670 ## - SOURCE DATA FOUND
- Source citation: Work cat.: (BD-RjUL)79606: Mozumder, Biplab Kumar, Performance of General Insurance Companies in the Public and Private Sectors in Bangladesh :, 2006